00353pab a2200145 454500008004000000100001600040245004300056260000900099300001200108362000800120650002000128650002800148650002000176773001100196180718b2000 xxu||||| |||| 00| 0 eng d aMalik, M.S. aEconomic reforms and effect on poverty c2000 ap.10-18 aJul aPoverty - India aEconomic reform - India aEconomic reform aYojana